100* most densely populated counties - Statistics

General Stats
  • This quiz has been taken 234 times
  • The average score is 76 of 101
Answer Stats
People per km2 Country % Correct
277 UK
94%
233 Germany
91%
435 India
91%
18k Monaco
91%
247 Liechtenstein
90%
253 Luxembourg
90%
1.6k Vatican City
89%
383 Belgium
88%
149 China
88%
117 France
88%
94 Spain
88%
326 Japan
87%
424 Netherlands
87%
302 Pakistan
87%
550 San Marino
87%
8.2k Singapore
86%
516 South Korea
86%
1.1k Bangladesh
84%
171 Andorra
83%
1.7k Malta
83%
416 Israel
82%
195 Italy
82%
111 Portugal
82%
140 Thailand
82%
107 Austria
81%
423 Haiti
81%
233 Dominican Republic
80%
242 Nigeria
80%
233 Qatar
80%
213 Switzerland
80%
512 Lebanon
79%
105 Slovenia
79%
676 Taiwan
79%
298 Vietnam
79%
1.9k Bahrain
78%
138 Denmark
78%
166 Guatemala
78%
145 Indonesia
78%
242 Kuwait
78%
217 North Korea
78%
293 St Lucia
78%
267 St Vincent & the Grenadines
78%
133 Czechia
77%
102 Cuba
76%
303 El Salvador
76%
120 Poland
76%
535 Rwanda
76%
334 Sri Lanka
76%
1.7k Maldives
75%
118 Slovakia
75%
183 St Kitts & Nevis
75%
256 Jamaica
74%
125 Syria
74%
213 Antigua & Barbuda
73%
148 Cape Verde
73%
136 Cyprus
73%
97 Dominica
73%
366 Grenada
73%
109 Hungary
73%
105 Iraq
73%
104 Malaysia
73%
657 Mauritius
73%
610 Nauru
73%
210 Nepal
73%
236 Seychelles
73%
299 Trinidad & Tobago
73%
110 Turkey
73%
134 UAE
73%
119 Benin
72%
476 Burundi
72%
143 Ghana
72%
94 Honduras
72%
127 Jordan
72%
159 Togo
72%
654 Barbados
70%
94 Cambodia
70%
184 Kiribati
70%
381 Comoros
69%
164 Micronesia
69%
440 Tuvalu
69%
99 Albania
68%
120 Azerbaijan
68%
102 Costa Rica
68%
246 Gambia
68%
319 Philippines
68%
241 São Tomé & Príncipe
68%
90 Senegal
68%
144 Tonga
68%
201 Uganda
68%
90 Ivory Coast
67%
93 Armenia
66%
93 Kenya
66%
221 Malawi
65%
115 Ethiopia
64%
102 Moldova
64%
112 Egypt
63%
232 Marshall Islands
63%
153 Kosovo
62%
122 Sierra Leone
61%
91 East Timor
59%
892 Palestine
37%
No matching quizzes found
Score Distribution
Percent of People with Each Score
Percentile by Number Answered
Your Score History
You have not taken this quiz